Central Library and Information Centre
Sibsagar Girls' College, Sivasagar : Assam

REAL WORSHIP (Record no. 22032)

MARC details
000 -LEADER
fixed length control field 00446cam a2200169ua 4500
008 - FIXED-LENGTH DATA ELEMENTS--GENERAL INFORMATION
fixed length control field 170302n II |||gr||||Z||||||eng
040 ## - CATALOGING SOURCE
Original cataloging agency MAIN
041 ## - LANGUAGE CODE
-- English
082 ## - DEWEY DECIMAL CLASSIFICATION NUMBER
Classification number 028.7 VIHE
100 ## - MAIN ENTRY--PERSONAL NAME
Personal name VIVEKANANDA INSTITUTE OF HUMAN EXCELLENCE.
245 ## - TITLE STATEMENT
Title REAL WORSHIP
260 ## - PUBLICATION, DISTRIBUTION, ETC.
Place of publication, distribution, etc. HYDERABAD:
Name of publisher, distributor, etc. SRI RAMKRISHNA MATH,
Date of publication, distribution, etc. 2012.
300 ## - PHYSICAL DESCRIPTION
Extent 104:
Dimensions 18CM.
700 ## - ADDED ENTRY--PERSONAL NAME
Personal name VIVEKANANDA INSTITUTE OF HUMAN EXCELLENCE.
942 ## - ADDED ENTRY ELEMENTS (KOHA)
Koha item type Books
Holdings
Withdrawn status Lost status Damaged status Not for loan Collection code Home library Current library Shelving location Date acquired Full call number Barcode Date last seen Copy number Price effective from Koha item type
        TBSOC Central Library and Information Centre Sibsagar Girls College Central Library and Information Centre Sibsagar Girls College Location Not Found 09.11.2016 028.7 VIHE 33344 27.02.2020 1 27.02.2020 Books


Sibsagar Girl's College © 2020. All rights reserved.
Powered by Koha.
Maintained by Abhijit Borpuzari.